1920 1880 1219 1872 1783 1871 1756 1745 1334 1830 1225 1210 1063 1395 1502 1425 1929 1607 1956 1826 1448 1823 1793 1949 1115 1539 1786 1297 1891 1266 1376 1814 1997 1452 1899 1691 1976 1550 1080 1897 1276 1536 1185 1912 1526 1468 1869 1207 1702 1817 1938 1947 1021 1682 1996 1296 1013 1333 1666 1275 1422 1093 1025 1155 1960 1328 1480 1811 1772 1603 1071 1038 1732 1284 1617 1588 1303 1329 1982 1056 1456 1838 1660 1438 1141 1199 1941 1298 1610 1069 1142 1265 1338 1774 1077 1260 1214 1471 1747 BCNSPRNW ULIB Ver.6.0+V

เปลี่ยนเป็นภาษาไทย

Change to English
 แสดงรายละเอียดบรรณานุกรม
  กลับหน้าหลัก

Brief Record : Get Marc (ISO 2709) : E-mail record : QR code < ปิดหน้าต่าง
LEADER : 00000nam 2200000uu 4500
001    13399120047
003     ULIB
008    020711s2552 th a 000 0 tha d
020    9786110600637
099    นว.^bป458ฟ
100    ปริญญ์
245    ฟ้าฝันตะวันหนาว/^cปริญญ์
260    กรุงเทพฯ :^bแจ่มใส,^c2552
300    249 หน้า
945    ^p159^l0^i15772
999    ^aทศพร เกษรทอง
รายการนี้ยังไม่มีแท็ก
คุณยังไม่ได้ล็อกอิน คุณสามารถมีกิจกรรมร่วมกับเว็บไซต์ได้ แต่ต้องล็อกอินก่อน ::
  ล็อกอิน

รายการสื่อสารสนเทศ

ลำดับที่ ประเภท เลขเรียก/บาร์โค้ด สถานที่ สถานะ
1. นวนิยาย
นวนิยาย
นว. ป458ฟ ฉ.1 
  Barcode: 15772
ห้องสมุดวิทยาเขตสวรรค์ประชารักษ์
►นวนิยาย
บนชั้น
  ขอยืม

BibComment


ยังไม่เคยถูกคอมเมนท์

คอมเมนท์ทรัพยากรรายการนี้
  คอมเมนท์: ฟ้าฝันตะวันหนาว ป..


 Copyright 2026. Bcnsprnw @Library